000 00243nam a2200097Ia 4500
001 1196419
005 20250827021806.0
008 250824s9999 xx 000 0 und d
245 0 _aSON YAZ AKŞAMI
_cSELİM İLERİ
260 _bEVEREST YAYINLARI
999 _c1196419
_d1196419